000 00260 a2200109 4500
000 nam a22 7a 4500
005 20260109165423.0
100 _aTaneja, H.C.
_9863604
245 _aAdvanced Engineering Mathematics
260 _bWiley
_c2024
942 _cTEXL
999 _c1467465
_d1467465